000 00574nam a2200181 i 4500
001 90138
003 ES-MaACL
005 20251118153124.0
007 t|
008 050118s1969 sp ||||1| spa d
100 1 _aLe Folcalvez, Françoise,
_edir.
_9211427
245 1 0 _aABC de la cortesía /
_cFrançoise Le Folcalvez ; [traducción de Alberto Méndez].
260 _a[Barcelona :
_bMartínez Roca,
_c1969]
300 _a253 p. :
_bil. ;
_c23 cm.
700 1 _aMéndez, Alberto,
_d1941-2004
_9138659
852 _aES-MaACL
_jC-37114
_bR.70343
999 _c90138
_d90138